00538nam a2200181Ia 450000500170000000800410001702000100005804000190006804100120008708200160009910000190011524500760013426000530021030000150026350400410027865000270031985000100034620230127114202.0131103s9999 xx 000 0 und d cRs.15 aLoreto College aEnglish a954.01bMAC aMcCrindle,J.W. aAncient Indiab as described by Megasthenes and Arrian cJ.W.McCrindle aCalcuttabChuckervertty Chatterjee Co.Ltd.c1960 axv,235 p.  aIncludes bibliographical references  aAncient Indian History aLCLIB